00901nam a2200205Ia 450000500170000000800410001702000150005802000180007305000190009110000340011024500500014426000320019430000340022650000790026050400250033950502410036465000360060565000270064165000270066820231102151016.0120626s1999 mx a 000 0 spa d a968245820X a9789682458200 4aLB2822.75bL661 aLópez Torres, Marcoseautor10aEvaluación educativac/ Marcos Lopez Torres3 aMéxicob: Trillasc, 1999 a75 páginasb: ilustraciones aIncluye: Conclusión p. 67 ; Glosario p. 69 ; Índice Analítico p. 73 aBibliografía p. 711 aMedición, calificación, evaluación y estimación Evaluación de las áreas de aprendizaje a los niveles de Educación Media Básica, Media Superior y Superior Aspectos para la elaboración de pruebas Evaluación del maestro14aMEDICIONES Y PRUEBAS EDUCATIVAS24aMAESTROSxEVALUACIÓN24aESCUELASxEVALUACIÓN